| 000 | 00541nam a22001817a 4500 | ||
|---|---|---|---|
| 008 | 230517b |||||||| |||| 00| 0 eng d | ||
| 020 | _a0-12-05450-2 | ||
| 040 |
_aNational Science Library _cNational Science Library |
||
| 080 |
_a571:551(540:252) _bL8 |
||
| 100 |
_aAllchin, Bridget _99218 |
||
| 245 | _aPrehistory and palaeogeography of the great Indian desert | ||
| 260 |
_aLondon: _bAcademic Press, _c1978 |
||
| 300 | _axix, 370p. | ||
| 650 | _aPalaeogeography | ||
| 653 | _aDesert | ||
| 700 | _aGoudie, Andrew | ||
| 942 |
_2udc _cBK |
||
| 999 |
_c31237 _d31237 |
||